000
00321nam a22001337a 4500
008
170302b xxu||||| |||| 00| 0 eng d
020
_a
0881675679
041
_a
eng
080
_a
616.073
100
_a
6
101
_a
SHM
245
_a
COMPUTED TOMOGRAPHY AND MAGNETIC RESONANCE OF THE THORAX
_c
NAIDICH
942
_2
udc
_c
BK
999
_c
6573
_d
6573